000 01068aaa a2200217 a 4500
001 78788
003 BD-RjUL
005 20220223154410.0
008 211115s1961 ua ||||| |||| 00| 0 ara d
035 _a(BD-RjUL)
040 _aBD-RjUL
_beng
_cBD-RjUL
041 _aara
082 _223
_a297.4
_bMAQ 1961
100 1 _aالمكي، أبو طالب محمد بن علي بن عطية الحارثي ;; Al-Makki, Abu Talib Muhammad bin Ali bin Attia Al-Harthy
_9250011
245 _aقوت القلوب في معاملة المحبوب وصف طريق المريد إلى مقام التوحيد ;; quat alqulub fi mueamalat almahbub wasf tariq almurid 'iilaa maqam altawhid /
_cأبو طالب محمد بن علي بن عطية الحارثي المكي ;; Abu Talib Muhammad bin Ali bin Attia al-Harithi al-Makki,
260 _aالقاهرة :
_bمصطفى البابي الحلبي، ;; Mustafa Al-Babi Al-Halabi
_c 1961 1381
300 _a544 p. ;
_c24 cm
650 _aSufism
_vEarly works to 1800.
_9250012
650 _aSufism
_9250013
942 _2ddc
_cBK
999 _c78788
_d78788